000 00777cam a2200193 a 4500
999 _c3723
_d3723
020 _a0314043535 (alk. paper)
022 _a9780314043535
050 0 0 _aHG6024.A3
_bJ64
100 1 _aJohnson, R. Stafford.
245 1 0 _aOptions and futures :
_bconcepts, strategies, and applications /
_cR. Stafford Johnson, Carmelo Giaccotto.
260 _aMinneapolis/St. Paul :
_bWest Pub. Co.,
_cc1995.
300 _a1 v. (various pagings) :
_bill. ;
_c26 cm.
500 _aIncludes index
505 _aI. Option strategies and markets 1 II.Option pricing 101 III. Non-stock options 271 IV. Futures 355 V. Futures options, swaps and other derivative securities 479
650 0 _aOptions (Finance)
650 0 _aFutures.
700 1 _aGiaccotto, Carmelo.
942 _cBK